00337nam a2200121Ia 4500008004100000020001800041041000800059082001400067100002100081245005200102260005200154300000900206220803s9999 xx 000 0 und d a9789381444061 aeng a711.4 URB aJoshi P & Vora A aUrban Design Research Institute .-9789381444061 b"Urban Design Research Institute, Mumbai"c2014 a484p